| 000 | 00651nam a2200229 a 4500 | ||
|---|---|---|---|
| 999 |
_c6447 _d6447 |
||
| 001 | 6447 | ||
| 003 | BD-JhCC | ||
| 005 | 20180123190423.0 | ||
| 008 | 180123s1964 bg ||||| |||| 00| 0 ben d | ||
| 035 | _a(BD-JhCC) | ||
| 040 |
_aBD-JhCC _dBD-JhCC |
||
| 041 | _aben | ||
| 082 |
_a297.124 _bSHA 1964 |
||
| 100 | _aআবেদীন, মিনহাজুল | ||
| 245 |
_aইমাম গাযযালী / _cমিনহাজুল আবেদীন |
||
| 260 |
_aঢাকা : _bবাংলা একাডেমী, _c১৯৭৬ |
||
| 300 |
_a410 p. : _c22 cm. |
||
| 650 | _aIslam | ||
| 650 | _aHadith | ||
| 942 |
_2ddc _cBK |
||